| 000 | 00429nam a2200157 i 4500 | ||
|---|---|---|---|
| 001 | 79469 | ||
| 003 | ES-MaACL | ||
| 005 | 20230906174001.0 | ||
| 007 | t| | ||
| 008 | 041021s1971 sp ||||1| spa d | ||
| 100 | 1 |
_aHernández R., Jesús. _963033 |
|
| 245 | 1 | 3 |
_aUn hombre se ha parado a mirar / _cJesús Hernández R. |
| 260 |
_aZamora : _bZartes, _c1971. |
||
| 300 |
_a88 p. ; _c22 cm. |
||
| 852 |
_aES-MaACL _jC-38697 _bR.77220 |
||
| 999 |
_c79469 _d79469 |
||